00326nam a2200109Ia 4500008004100000082001600041082000800057245011000065245001600175260001600191300000900207231017s9999 xx 000 0 und d a363.1256KLO bKLO 4aThe Crash and Offence Experience of Drivers Eligible for the South Australian Driver Intervention Program 0cCN. Kloeden bCN. Kloeden c30cm